[Event "01.Chess Org-Pokal -Open-"]
[Site "Bad Zwischenahn(30.07.-08.08)"]
[Date "2004.??.??"]
[Round "6.5"]
[White "Bartels, Holger"]
[Black "Eichler, Gottfried"]
[Result "0-1"]
[WhiteElo "2095"]
[BlackElo "1849"]
[PlyCount "121"]
[EventDate "2004.08.??"]
[SourceDate "2005.04.17"]

1. e4 c5 2. Nf3 a6 3. d4 cxd4 4. Nxd4 Nf6 5. Bd3 e5 6. Nb3 Be7 7. c4 d6 8. O-O
O-O 9. Nc3 b6 10. Qe2 Nbd7 11. Be3 Bb7 12. f3 Re8 13. Qf2 Rc8 14. Rfd1 Nc5 15.
Bf1 Nfd7 16. Nxc5 dxc5 17. Nd5 Bg5 18. g3 Bxe3 19. Nxe3 Qc7 20. Nf5 Rcd8 21.
Nd6 Rf8 22. Nxb7 Qxb7 23. Qd2 Qc7 24. Qd6 Qb8 25. Rd5 Nf6 26. Qxb8 Rxb8 27. Rd6
Rfd8 28. Rad1 Rxd6 29. Rxd6 Kf8 30. Rc6 Ne8 31. Bh3 Ke7 32. Rc8 Rxc8 33. Bxc8
a5 34. Bb7 Nc7 35. Kf2 Ne6 36. Ke3 g5 37. Bd5 f6 38. Bb7 Kd6 39. Bc8 h6 40. Bb7
Ke7 41. Bd5 Kd6 42. Bxe6 Kxe6 43. Kd3 Kd6 44. Kc3 h5 45. h3 Ke6 46. g4 hxg4 47.
hxg4 a4 48. b3 axb3 49. Kxb3 Kd6 50. Ka4 Kc6 51. a3 b5+ 52. cxb5+ Kb6 53. Kb3
Kxb5 54. Kc3 Ka4 55. Kc4 Kxa3 56. Kxc5 Kb3 57. Kd6 Kc3 58. Ke6 Kd3 59. Kxf6 Ke3
60. Kxg5 Kxf3 61. Kf5 0-1

[Event "01.Chess Org-Pokal -Open-"]
[Site "Bad Zwischenahn(30.07.-08.08)"]
[Date "2004.??.??"]
[Round "6.6"]
[White "Wempe, Juergen"]
[Black "Lange, Detlef"]
[Result "1-0"]
[WhiteElo "2113"]
[BlackElo "1659"]
[PlyCount "61"]
[EventDate "2004.08.??"]
[SourceDate "2005.04.17"]

1. d4 e6 2. Nf3 c5 3. e4 d5 4. exd5 exd5 5. Bb5+ Bd7 6. Qe2+ Qe7 7. Nc3 Qxe2+
8. Bxe2 Bc6 9. Bf4 Nf6 10. Nb5 Bxb5 11. Bxb5+ Nc6 12. O-O a6 13. Rfe1+ Be7 14.
Bxc6+ bxc6 15. Bd6 Ne4 16. Bxe7 Kxe7 17. Ng5 f6 18. Nxe4 dxe4 19. Rxe4+ Kd6 20.
dxc5+ Kxc5 21. b4+ Kd5 22. f3 c5 23. Rd1+ Kc6 24. Rc4 Kb5 25. Rxc5+ Kxb4 26.
Rdd5 Rhc8 27. c3+ Ka3 28. Rxc8 Rxc8 29. Ra5+ Kb2 30. Rxa6 h6 31. Ra7 1-0

[Event "01.Chess Org-Pokal -Open-"]
[Site "Bad Zwischenahn(30.07.-08.08)"]
[Date "2004.??.??"]
[Round "6.7"]
[White "Brummer, Bernfried"]
[Black "Juergens, Bernhard"]
[Result "0-1"]
[WhiteElo "1712"]
[BlackElo "1977"]
[PlyCount "30"]
[EventDate "2004.08.??"]
[SourceDate "2005.04.17"]

1. f4 d5 2. Nf3 g6 3. e3 Bg7 4. Be2 Nf6 5. O-O O-O 6. d3 Qd6 7. Qe1 Nc6 8. Nc3
a6 9. Qh4 d4 10. Ne4 Nxe4 11. dxe4 Qc5 12. f5 dxe3 13. Ng5 h6 14. Nh3 Nd4 15.
Bd3 e2 0-1

[Event "01.Chess Org-Pokal -Open-"]
[Site "Bad Zwischenahn(30.07.-08.08)"]
[Date "2004.??.??"]
[Round "6.8"]
[White "Makoui, Mazeyar"]
[Black "Burghardt, Bernd,Dr."]
[Result "1-0"]
[WhiteElo "1638"]
[BlackElo "1591"]
[PlyCount "93"]
[EventDate "2004.08.??"]
[SourceDate "2005.04.17"]

1. Nf3 Nf6 2. g3 g6 3. Bg2 Bg7 4. O-O O-O 5. d4 d6 6. c4 Nbd7 7. Nc3 Re8 8. Re1
a6 9. Qc2 Rb8 10. b3 e5 11. dxe5 Nxe5 12. Nxe5 Rxe5 13. Bb2 Re7 14. Rad1 b6 15.
e4 Qe8 16. Re2 Nd7 17. Nd5 Ne5 18. Nxe7+ Qxe7 19. Bxe5 Qxe5 20. Qd3 Be6 21. f4
Qc5+ 22. Kh1 a5 23. Rde1 Qh5 24. Bf3 Qc5 25. e5 dxe5 26. fxe5 Qe7 27. Bd5 Rd8
28. Qf3 h5 29. Bxe6 fxe6 30. Qc6 Qd7 31. Qe4 Qd3 32. Rf2 Rd7 33. Kg2 Bf8 34.
Qxd3 Rxd3 35. Rf6 Rd2+ 36. Rf2 Rxf2+ 37. Kxf2 Kf7 38. Ke3 g5 39. Rf1+ Ke7 40.
Ke4 Bg7 41. h4 g4 42. Kf4 Bh6+ 43. Ke4 Bg7 44. Rc1 Bh6 45. Rc2 c5 46. Rf2 Bg7
47. Rd2 1-0

[Event "01.Chess Org-Pokal -Open-"]
[Site "Bad Zwischenahn(30.07.-08.08)"]
[Date "2004.??.??"]
[Round "6.9"]
[White "Wempe, Moritz"]
[Black "Grewenig, Marc"]
[Result "1/2-1/2"]
[WhiteElo "1491"]
[BlackElo "1330"]
[PlyCount "76"]
[EventDate "2004.08.??"]
[SourceDate "2005.04.17"]

1. e4 Nc6 2. Nf3 e5 3. Bb5 a6 4. Bc4 Nf6 5. O-O b5 6. Bb3 Be7 7. Re1 O-O 8. c3
Bb7 9. d4 d6 10. Nbd2 exd4 11. cxd4 Na5 12. Bc2 Re8 13. b3 c5 14. Bb2 Rc8 15.
Rc1 Qb6 16. d5 Ba8 17. Bb1 c4 18. Bd4 Qb8 19. b4 Nb7 20. Qc2 g6 21. Qc3 Nh5 22.
g4 Nf4 23. Bh8 f6 24. Bxf6 Bxf6 25. Qxf6 Rf8 26. Qh4 Rc7 27. Nd4 Nd8 28. Nf1
Nf7 29. Qf6 Nh3+ 30. Kg2 Nfg5 31. Qxd6 Rxf2+ 32. Kh1 Qc8 33. Rc3 Rcf7 34. Ng3
Qxg4 35. Rcc1 Nf3 36. Re2 Nxd4 37. Rxf2 Nxf2+ 38. Kg1 Ne2+ 1/2-1/2

[Event "01.Chess Org-Pokal -Open-"]
[Site "Bad Zwischenahn(30.07.-08.08)"]
[Date "2004.??.??"]
[Round "6.10"]
[White "Wempe, Felix"]
[Black "Billen, Hans-Juergen"]
[Result "0-1"]
[WhiteElo "1262"]
[BlackElo "1502"]
[PlyCount "54"]
[EventDate "2004.08.??"]
[SourceDate "2005.04.17"]

1. e4 e6 2. d4 d5 3. e5 c5 4. Nf3 Nc6 5. c3 cxd4 6. cxd4 Bb4+ 7. Bd2 Qa5 8. a3
Bxd2+ 9. Qxd2 Qxd2+ 10. Nbxd2 Nge7 11. Nb3 O-O 12. Bd3 f5 13. exf6 Rxf6 14. O-O
Bd7 15. Nc5 Bc8 16. Rfe1 b6 17. Nb3 Bd7 18. Re2 Raf8 19. Rae1 Ng6 20. Bb5 Nf4
21. Rd2 Nxg2 22. Kxg2 Rxf3 23. Bxc6 Bxc6 24. Rxe6 Bd7 25. Re3 Bh3+ 26. Kg1 Rxe3
27. fxe3 Rf1# 0-1

[Event "01.Chess Org-Pokal -Open-"]
[Site "Bad Zwischenahn(30.07.-08.08)"]
[Date "2004.??.??"]
[Round "6.12"]
[White "Witzschel, Peter"]
[Black "Rulfs, Ernst-August"]
[Result "0-1"]
[WhiteElo "1371"]
[BlackElo "1386"]
[PlyCount "90"]
[EventDate "2004.08.??"]
[SourceDate "2005.04.17"]

1. e4 e6 2. d4 d5 3. Nc3 Nf6 4. Bd3 Bb4 5. Bg5 h6 6. Bxf6 Qxf6 7. e5 Qe7 8. a3
Bxc3+ 9. bxc3 c5 10. Nf3 Nc6 11. O-O a5 12. Bb5 Bd7 13. Re1 Rc8 14. dxc5 Qxc5
15. Qd3 Nxe5 16. Bxd7+ Nxd7 17. Re3 Nf6 18. Nd4 Ne4 19. Qb5+ Qxb5 20. Nxb5 Rc5
21. a4 Kd7 22. Rd1 Rhc8 23. Rxe4 f5 24. Re3 Rc4 25. Ra1 R4c6 26. g3 g5 27. Kg2
Ke7 28. f3 Kf6 29. Rd3 h5 30. h3 b6 31. Kf1 Rc5 32. Ra3 e5 33. Nd6 e4 34. fxe4
fxe4 35. Re3 d4 36. Rxe4 Rxc3 37. Rxc3 Rxc3 38. Re2 Ra3 39. Ne4+ Ke5 40. Nxg5+
Kd5 41. Rd2 Rxa4 42. c3 b5 43. Rxd4+ Rxd4 44. cxd4 a4 45. Nf3 a3 0-1

[Event "01.Chess Org-Pokal -Open-"]
[Site "Bad Zwischenahn(30.07.-08.08)"]
[Date "2004.??.??"]
[Round "7.1"]
[White "Rotstein, Arkadij"]
[Black "Kroencke, Manfred"]
[Result "1-0"]
[WhiteElo "2462"]
[BlackElo "2147"]
[PlyCount "63"]
[EventDate "2004.08.??"]
[SourceDate "2005.04.17"]

1. e4 c5 2. Nf3 e6 3. d4 cxd4 4. Nxd4 Nc6 5. Nc3 Qc7 6. Be3 a6 7. Qd2 Nf6 8.
O-O-O Bb4 9. f3 Ne5 10. Nb3 O-O 11. Bd4 Be7 12. f4 Nc6 13. Bc5 d5 14. Bxe7 Nxe7
15. e5 Nd7 16. Bd3 Rd8 17. h4 Nf8 18. h5 b5 19. h6 g6 20. Qf2 Kh8 21. Nd4 b4
22. Nce2 Ng8 23. Kb1 Bb7 24. Nf3 Bc6 25. Ned4 Be8 26. Rc1 Rab8 27. Nb3 a5 28.
c3 a4 29. cxb4 Qb6 30. Nc5 Qxb4 31. Na6 Qxf4 32. Nxb8 1-0

[Event "01.Chess Org-Pokal -Open-"]
[Site "Bad Zwischenahn(30.07.-08.08)"]
[Date "2004.??.??"]
[Round "7.2"]
[White "Fish, Gennadij"]
[Black "Wempe, Juergen"]
[Result "1-0"]
[WhiteElo "2545"]
[BlackElo "2113"]
[PlyCount "103"]
[EventDate "2004.08.??"]
[SourceDate "2005.04.17"]

1. d4 f5 2. c4 Nf6 3. g3 e6 4. Bg2 Be7 5. Nf3 O-O 6. O-O d6 7. Nc3 a5 8. Qc2
Qe8 9. b3 Na6 10. a3 c6 11. Bb2 e5 12. dxe5 dxe5 13. Nxe5 Nc5 14. b4 Ne6 15. c5
Nc7 16. e4 Qh5 17. f4 Rd8 18. Bf3 Qh3 19. Rfd1 Be6 20. exf5 Bxf5 21. Qe2 Ne6
22. Bg2 Qh6 23. Rxd8+ Rxd8 24. Rd1 g5 25. Rxd8+ Bxd8 26. fxg5 Qxg5 27. Nf3 Qg4
28. Nd1 Qe4 29. Qxe4 Bxe4 30. Bh3 Bxf3 31. Bxe6+ Kf8 32. Ne3 axb4 33. axb4 Ne4
34. Bd4 Be2 35. Bc8 Ba6 36. Kg2 Bg5 37. h4 Bh6 38. g4 Bxe3 39. Bxe3 Nf6 40. Kf3
Kf7 41. Bd2 Nd5 42. Ke4 Ne7 43. Bd7 Bc4 44. Ke5 Ng6+ 45. Kd6 Nxh4 46. Kc7 Nf3
47. Bc3 Be6 48. Bxe6+ Kxe6 49. Kxb7 Kd5 50. b5 cxb5 51. c6 b4 52. Bxb4 1-0

[Event "01.Chess Org-Pokal -Open-"]
[Site "Bad Zwischenahn(30.07.-08.08)"]
[Date "2004.??.??"]
[Round "7.3"]
[White "Gutman, Lev"]
[Black "Bartels, Holger"]
[Result "1-0"]
[WhiteElo "2407"]
[BlackElo "2095"]
[PlyCount "73"]
[EventDate "2004.08.??"]
[SourceDate "2005.04.17"]

1. Nf3 Nf6 2. g3 b5 3. Bg2 Bb7 4. O-O c5 5. c3 e6 6. d4 cxd4 7. cxd4 Be7 8. Bg5
O-O 9. Qd3 Qb6 10. Nc3 b4 11. Na4 Qa5 12. Bxf6 Ba6 13. Qd2 Bxf6 14. Nc5 d5 15.
a3 Qb6 16. axb4 Bb5 17. Rfc1 Rd8 18. h4 Be8 19. e3 Nc6 20. Na6 Rac8 21. Bf1 Be7
22. Rc5 Bxc5 23. dxc5 Qb7 24. b5 Ne7 25. c6 Nxc6 26. bxc6 Rxc6 27. Nd4 Rb6 28.
b4 e5 29. Nb3 Qe7 30. Nbc5 Bb5 31. Bxb5 Rxb5 32. e4 d4 33. Nd3 Rc8 34. Rc1
Rxc1+ 35. Qxc1 h6 36. Qc8+ Kh7 37. Nc7 1-0

[Event "01.Chess Org-Pokal -Open-"]
[Site "Bad Zwischenahn(30.07.-08.08)"]
[Date "2004.??.??"]
[Round "7.4"]
[White "Juergens, Bernhard"]
[Black "Molzahn, Norbert"]
[Result "1-0"]
[WhiteElo "1977"]
[BlackElo "1975"]
[PlyCount "63"]
[EventDate "2004.08.??"]
[SourceDate "2005.04.17"]

1. e4 e5 2. Bc4 Nf6 3. d3 h6 4. Nc3 Bc5 5. f4 d6 6. Nf3 Nc6 7. Na4 Bb6 8. Nxb6
axb6 9. a3 O-O 10. O-O Bg4 11. h3 Bxf3 12. Qxf3 b5 13. Ba2 b4 14. fxe5 Nxe5 15.
Qf5 bxa3 16. bxa3 Qd7 17. Rb1 Qxf5 18. Rxf5 b6 19. Bb2 Rae8 20. Bb3 b5 21. Bc3
c6 22. a4 Nfd7 23. axb5 cxb5 24. Bd5 g6 25. Rf2 Rb8 26. Bb4 Rb6 27. Ba5 Ra6 28.
Rxb5 Nc6 29. Bc3 Ne7 30. Bc4 Nc5 31. Rxc5 Ra3 32. Rc7 1-0

[Event "01.Chess Org-Pokal -Open-"]
[Site "Bad Zwischenahn(30.07.-08.08)"]
[Date "2004.??.??"]
[Round "7.5"]
[White "Bohnstorff, Michael"]
[Black "Makoui, Mazeyar"]
[Result "1-0"]
[WhiteElo "2025"]
[BlackElo "1638"]
[PlyCount "93"]
[EventDate "2004.08.??"]
[SourceDate "2005.04.17"]

1. d4 c5 2. c3 cxd4 3. cxd4 d5 4. e3 Nf6 5. Bd3 g6 6. Nf3 Bg7 7. Ne5 O-O 8. O-O
Nbd7 9. f4 e6 10. Nc3 a6 11. Bd2 Rb8 12. Rc1 Nxe5 13. fxe5 Nd7 14. Na4 b5 15.
Nc5 Nxc5 16. Rxc5 Bd7 17. Qf3 f6 18. exf6 Rxf6 19. Qg3 Rxf1+ 20. Bxf1 Bf8 21.
Rc1 Rc8 22. Rxc8 Qxc8 23. Bd3 b4 24. h4 Be8 25. h5 a5 26. hxg6 Bxg6 27. Bxg6
hxg6 28. Qxg6+ Bg7 29. Kh2 Qc7+ 30. Kh3 Qf7 31. Qxf7+ Kxf7 32. Be1 e5 33. dxe5
Bxe5 34. b3 Kg6 35. Kg4 Bc7 36. Bg3 Bb6 37. Bf4 Bd8 38. Kf3 Bb6 39. e4 d4 40.
Ke2 Kh5 41. Kd3 Kg4 42. Be5 Bd8 43. Kxd4 Bb6+ 44. Kc4 Be3 45. Kb5 Bd2 46. Kxa5
Bc3 47. Bd6 1-0

[Event "01.Chess Org-Pokal -Open-"]
[Site "Bad Zwischenahn(30.07.-08.08)"]
[Date "2004.??.??"]
[Round "7.7"]
[White "Eichler, Gottfried"]
[Black "Billen, Hans-Juergen"]
[Result "1-0"]
[WhiteElo "1849"]
[BlackElo "1502"]
[PlyCount "75"]
[EventDate "2004.08.??"]
[SourceDate "2005.04.17"]

1. d4 Nf6 2. Nf3 e6 3. e3 d5 4. Bd3 c5 5. c3 Nbd7 6. Nbd2 Be7 7. O-O O-O 8. Ne5
cxd4 9. exd4 Qc7 10. Re1 Bd6 11. Ndf3 Bxe5 12. Nxe5 Nxe5 13. dxe5 Nd7 14. Qh5
g6 15. Qe2 f6 16. exf6 Nxf6 17. Bh6 Rf7 18. g3 Bd7 19. Bf4 Qd8 20. Rad1 Qf8 21.
c4 Rc8 22. Be5 Ne4 23. Bxe4 dxe4 24. Qxe4 Bc6 25. Qe3 Rf3 26. Qe2 Qf5 27. Rd4
g5 28. g4 Qf7 29. Bg3 h5 30. gxh5 Qxh5 31. Rd6 Qh3 32. Rxc6 Rxg3+ 33. fxg3 bxc6
34. Qe4 Rd8 35. Qxe6+ Qxe6 36. Rxe6 Rd1+ 37. Kf2 Rd2+ 38. Re2 1-0

[Event "01.Chess Org-Pokal -Open-"]
[Site "Bad Zwischenahn(30.07.-08.08)"]
[Date "2004.??.??"]
[Round "7.8"]
[White "Lange, Detlef"]
[Black "Grewenig, Marc"]
[Result "0-1"]
[WhiteElo "1659"]
[BlackElo "1330"]
[PlyCount "48"]
[EventDate "2004.08.??"]
[SourceDate "2005.04.17"]

1. e4 Nc6 2. Bc4 Nf6 3. Nc3 e5 4. Nf3 Bb4 5. Qe2 d6 6. h3 Bd7 7. O-O O-O 8. a3
Bc5 9. d3 h6 10. Bd2 a6 11. Nd1 Be6 12. Ne3 Ne7 13. Nh2 Qd7 14. b4 Bb6 15. Ba2
Ng6 16. Nc4 Ba7 17. Kh1 d5 18. exd5 Bxd5 19. Be3 Nf4 20. Qd1 Bxe3 21. fxe3
Bxg2+ 22. Kg1 Bxf1 23. Qxf1 Nxh3+ 24. Kh1 Ng5 0-1

[Event "01.Chess Org-Pokal -Open-"]
[Site "Bad Zwischenahn(30.07.-08.08)"]
[Date "2004.??.??"]
[Round "7.9"]
[White "Dopychai, Reent"]
[Black "Brummer, Bernfried"]
[Result "0-1"]
[WhiteElo "1489"]
[BlackElo "1712"]
[PlyCount "50"]
[EventDate "2004.08.??"]
[SourceDate "2005.04.17"]

1. e4 d5 2. exd5 Qxd5 3. Nc3 Qa5 4. Nf3 Nf6 5. d4 c6 6. Bd2 Bf5 7. Bc4 e6 8.
Nd5 Qd8 9. Nxf6+ gxf6 10. c3 Qc7 11. g3 Nd7 12. Qe2 O-O-O 13. O-O-O Bd6 14. Nh4
Bg6 15. Nxg6 hxg6 16. f4 f5 17. Bb3 Nf6 18. c4 Rh3 19. Qe1 Rdh8 20. c5 Be7 21.
Qe2 Ng4 22. Bxe6+ fxe6 23. Qxe6+ Qd7 24. Qxg6 Bf6 25. Bc3 R3h6 0-1

[Event "01.Chess Org-Pokal -Open-"]
[Site "Bad Zwischenahn(30.07.-08.08)"]
[Date "2004.??.??"]
[Round "7.10"]
[White "Burghardt, Bernd,Dr."]
[Black "Wempe, Moritz"]
[Result "1/2-1/2"]
[WhiteElo "1591"]
[BlackElo "1491"]
[PlyCount "74"]
[EventDate "2004.08.??"]
[SourceDate "2005.04.17"]

1. d4 d5 2. c4 Nf6 3. Nc3 e6 4. Bf4 c5 5. e3 Nc6 6. Nf3 b6 7. Bd3 Bb7 8. cxd5
Nxd5 9. Nxd5 exd5 10. O-O cxd4 11. exd4 Be7 12. Re1 O-O 13. Re3 Bf6 14. Rc1 h6
15. Bb1 Re8 16. Rxe8+ Qxe8 17. Qd3 Qe4 18. Qd2 Qe7 19. Re1 Qd7 20. Qd3 g6 21.
Bxh6 Qg4 22. h3 Qh5 23. Bf4 Qh8 24. Be3 Re8 25. Qb5 Re7 26. Qxd5 Nxd4 27. Qd8+
Kh7 28. Qxh8+ Bxh8 29. Nxd4 Bxd4 30. Re2 Ba6 31. Rd2 Rxe3 32. fxe3 Bxe3+ 33.
Rf2 Kh6 34. Be4 Kg5 35. g3 f5 36. Bf3 f4 37. h4+ Kf6 1/2-1/2

[Event "01.Chess Org-Pokal -Open-"]
[Site "Bad Zwischenahn(30.07.-08.08)"]
[Date "2004.??.??"]
[Round "7.11"]
[White "Rulfs, Ernst-August"]
[Black "Wempe, Felix"]
[Result "1/2-1/2"]
[WhiteElo "1386"]
[BlackElo "1262"]
[PlyCount "65"]
[EventDate "2004.08.??"]
[SourceDate "2005.04.17"]

1. c4 e5 2. Nc3 Nc6 3. Nf3 Nf6 4. e3 Bb4 5. d3 Be7 6. d4 exd4 7. exd4 d5 8. Bf4
O-O 9. Bd3 Re8 10. O-O Bg4 11. Nb5 Rc8 12. a3 Bxf3 13. Qxf3 a6 14. Nc3 dxc4 15.
Bxc4 Qxd4 16. Ba2 Ne5 17. Bxe5 Qxe5 18. Qxb7 Bd6 19. g3 a5 20. Qb3 Rf8 21. Rae1
Qh5 22. Kg2 h6 23. Ne4 Be5 24. Nxf6+ Bxf6 25. Re4 Rb8 26. Qc2 Rxb2 27. Qc4 Rfb8
28. Rfe1 Rf8 29. Bb1 Qb5 30. Bd3 Qxc4 31. Bxc4 Rc2 32. a4 Bc3 33. R1e3 1/2-1/2

[Event "01.Chess Org-Pokal -Open-"]
[Site "Bad Zwischenahn(30.07.-08.08)"]
[Date "2004.??.??"]
[Round "7.12"]
[White "Witzschel, Peter"]
[Black "Afken, Jonas"]
[Result "0-1"]
[WhiteElo "1371"]
[BlackElo "1495"]
[PlyCount "60"]
[EventDate "2004.08.??"]
[SourceDate "2005.04.17"]

1. Nf3 d5 2. d4 Bg4 3. Ne5 Bf5 4. c4 c6 5. Nc3 f6 6. Nf3 e6 7. e3 Bd6 8. Nh4
Bg6 9. Nxg6 hxg6 10. Bd3 f5 11. cxd5 exd5 12. Ne2 Nd7 13. Nf4 Qf6 14. Qf3 Ne7
15. g3 g5 16. Ng2 g4 17. Qe2 g5 18. Bd2 Ng6 19. f4 O-O-O 20. O-O-O gxf4 21.
gxf4 Rde8 22. Qf2 Rh3 23. Be2 Reh8 24. Be1 Rxh2 25. Rxh2 Rxh2 26. Qg1 Qh8 27.
Bg3 Rh3 28. Qf2 Rh1 29. Bf1 Nf6 30. Be2 Ne4 0-1

[Event "01.Chess Org-Pokal -Open-"]
[Site "Bad Zwischenahn(30.07.-08.08)"]
[Date "2004.??.??"]
[Round "8.1"]
[White "Bohnstorff, Michael"]
[Black "Rotstein, Arkadij"]
[Result "0-1"]
[WhiteElo "2025"]
[BlackElo "2462"]
[PlyCount "60"]
[EventDate "2004.08.??"]
[SourceDate "2005.04.17"]

1. e4 c5 2. Be2 e6 3. Nf3 d6 4. O-O Nf6 5. Nc3 Be7 6. d4 cxd4 7. Nxd4 a6 8. a4
O-O 9. Be3 Qc7 10. Qd2 b6 11. f4 Bb7 12. Bf3 Nbd7 13. g4 d5 14. e5 Ne4 15. Bxe4
dxe4 16. Qg2 Rac8 17. Qg3 Rfd8 18. h4 Nb8 19. g5 Nc6 20. Nde2 Na5 21. Rad1 Nc4
22. Bc1 e3 23. h5 Nd2 24. Bxd2 Rxd2 25. Rxd2 exd2 26. g6 f6 27. gxh7+ Kh8 28.
Nd4 Bc5 29. Nce2 Bxd4+ 30. Nxd4 Qc4 0-1

[Event "01.Chess Org-Pokal -Open-"]
[Site "Bad Zwischenahn(30.07.-08.08)"]
[Date "2004.??.??"]
[Round "8.2"]
[White "Juergens, Bernhard"]
[Black "Fish, Gennadij"]
[Result "1-0"]
[WhiteElo "1977"]
[BlackElo "2545"]
[PlyCount "85"]
[EventDate "2004.08.??"]
[SourceDate "2005.04.17"]

1. e4 c5 2. Nc3 Nc6 3. g3 g6 4. Bg2 Bg7 5. d3 Rb8 6. Be3 d6 7. Qd2 b5 8. Nd1 e5
9. Ne2 Nge7 10. Bh6 O-O 11. Bxg7 Kxg7 12. O-O Nd4 13. Ne3 Be6 14. f4 f6 15. c3
Nxe2+ 16. Qxe2 b4 17. c4 Nc6 18. f5 Nd4 19. Qd2 Bd7 20. Bh3 Qe8 21. Bg4 h5 22.
Bh3 Rh8 23. Qg2 g5 24. Qd2 g4 25. Bg2 Kf7 26. Kf2 Qf8 27. Rh1 Qh6 28. h4 Rb6
29. Rhd1 Ra6 30. Nd5 Qxd2+ 31. Rxd2 Nb3 32. Rdd1 Nxa1 33. Rxa1 Ba4 34. Rc1 Rb8
35. Bf1 Bc6 36. Ra1 Bxd5 37. exd5 Rbb6 38. Be2 e4 39. dxe4 Ra4 40. b3 Ra3 41.
Bd3 Rba6 42. Bc2 Rxa2 43. Rc1 1-0

[Event "01.Chess Org-Pokal -Open-"]
[Site "Bad Zwischenahn(30.07.-08.08)"]
[Date "2004.??.??"]
[Round "8.3"]
[White "Grewenig, Marc"]
[Black "Gutman, Lev"]
[Result "0-1"]
[WhiteElo "1330"]
[BlackElo "2407"]
[PlyCount "54"]
[EventDate "2004.08.??"]
[SourceDate "2005.04.17"]

1. e4 c5 2. Nf3 d6 3. d4 cxd4 4. Qxd4 Nc6 5. Bb5 Bd7 6. Bxc6 Bxc6 7. Nc3 Qd7 8.
O-O e6 9. Re1 Ne7 10. Qd3 Ng6 11. Be3 Be7 12. Rad1 O-O 13. Nd4 a6 14. f4 b5 15.
Nxc6 Qxc6 16. Ne2 Rfc8 17. c3 Qc4 18. Qxc4 Rxc4 19. Rd4 Rac8 20. Red1 e5 21.
fxe5 dxe5 22. Rxc4 Rxc4 23. Ng3 h5 24. Nxh5 Rxe4 25. Rd3 Rxe3 26. Rxe3 Bc5 27.
Kf2 Nf4 0-1

[Event "01.Chess Org-Pokal -Open-"]
[Site "Bad Zwischenahn(30.07.-08.08)"]
[Date "2004.??.??"]
[Round "8.4"]
[White "Wempe, Juergen"]
[Black "Kroencke, Manfred"]
[Result "0-1"]
[WhiteElo "2113"]
[BlackElo "2147"]
[PlyCount "68"]
[EventDate "2004.08.??"]
[SourceDate "2005.04.17"]

1. e4 c5 2. Nf3 e6 3. Nc3 Nc6 4. d4 cxd4 5. Nxd4 Qc7 6. Be3 a6 7. Be2 Nf6 8.
O-O Bb4 9. f3 O-O 10. Kh1 d6 11. Qe1 e5 12. Nb3 Be6 13. Rd1 Rac8 14. Qh4 Ne7
15. Nd5 Bxd5 16. exd5 Nf5 17. Qg5 Nxe3 18. Qxe3 Qxc2 19. Bd3 Bc5 20. Qg5 Qxb2
21. Rd2 Qc3 22. Qf5 Qb4 23. g4 h6 24. Rc1 Qf4 25. Qxf4 exf4 26. Bf5 Rc7 27.
Nxc5 Rxc5 28. Rxc5 dxc5 29. h4 Rd8 30. d6 g6 31. Be4 Nxe4 32. fxe4 f6 33. d7
Kf7 34. Rd6 c4 0-1

[Event "01.Chess Org-Pokal -Open-"]
[Site "Bad Zwischenahn(30.07.-08.08)"]
[Date "2004.??.??"]
[Round "8.5"]
[White "Bartels, Holger"]
[Black "Kimmich, Daniel"]
[Result "1/2-1/2"]
[WhiteElo "2095"]
[BlackElo "1817"]
[PlyCount "60"]
[EventDate "2004.08.??"]
[SourceDate "2005.04.17"]

1. e4 c5 2. Nf3 e6 3. d4 cxd4 4. Nxd4 Nf6 5. Nc3 Nc6 6. Ndb5 Bb4 7. a3 Bxc3+ 8.
Nxc3 d5 9. exd5 exd5 10. Bd3 d4 11. Ne2 Bg4 12. O-O O-O 13. Bg5 Qd6 14. Qd2
Rfe8 15. Ng3 Ne5 16. Bxf6 Qxf6 17. Rfe1 Nxd3 18. Qxd3 Qb6 19. b3 Qc5 20. Re4
Rxe4 21. Qxe4 Be6 22. Rd1 Rd8 23. a4 h6 24. h3 b6 25. Qd3 Rc8 26. Rd2 Qc3 27.
Ne2 Qxd3 28. Rxd3 Rxc2 29. Nxd4 Rc1+ 30. Kh2 Rb1 1/2-1/2

[Event "01.Chess Org-Pokal -Open-"]
[Site "Bad Zwischenahn(30.07.-08.08)"]
[Date "2004.??.??"]
[Round "8.6"]
[White "Molzahn, Norbert"]
[Black "Eichler, Gottfried"]
[Result "1-0"]
[WhiteElo "1975"]
[BlackElo "1849"]
[PlyCount "75"]
[EventDate "2004.08.??"]
[SourceDate "2005.04.17"]

1. c4 e5 2. Nc3 d6 3. g3 g6 4. Bg2 Bg7 5. e3 Nc6 6. Nge2 f5 7. d4 Nf6 8. b4 O-O
9. b5 Ne7 10. O-O h6 11. Ba3 Qe8 12. c5 dxc5 13. dxe5 Ng4 14. Bxc5 Bxe5 15. Nd5
Nxd5 16. Bxd5+ Kh7 17. Rc1 Rf7 18. Bxf7 Qxf7 19. Bd4 Bd6 20. Bc5 Be5 21. f3 Nf6
22. f4 Bb2 23. Rc2 Ne4 24. Bd4 Ba3 25. Qd3 Bd6 26. Rfc1 Be6 27. Be5 Rc8 28.
Bxd6 Nxd6 29. a4 Bb3 30. Rc3 Bxa4 31. Nd4 a6 32. bxa6 b5 33. a7 c5 34. Rxc5
Rxc5 35. Rxc5 Qxa7 36. Ne6 Ne8 37. Qd8 b4 38. Rc7+ 1-0

[Event "01.Chess Org-Pokal -Open-"]
[Site "Bad Zwischenahn(30.07.-08.08)"]
[Date "2004.??.??"]
[Round "8.7"]
[White "Brummer, Bernfried"]
[Black "Lichman, Peter"]
[Result "0-1"]
[WhiteElo "1712"]
[BlackElo "2162"]
[PlyCount "112"]
[EventDate "2004.08.??"]
[SourceDate "2005.04.17"]

1. f4 Nf6 2. Nf3 g6 3. e3 Bg7 4. Be2 O-O 5. O-O c5 6. d3 d5 7. Qe1 Nc6 8. Qh4
Re8 9. Ne5 Qc7 10. Nxc6 Qxc6 11. Nd2 Qa4 12. Bd1 Qb4 13. Nf3 Bg4 14. Ne5 Bxd1
15. Rxd1 e6 16. Rf1 Rad8 17. c3 Qb6 18. b3 Nd7 19. Nxd7 Rxd7 20. d4 Qa5 21. Bb2
cxd4 22. exd4 b5 23. Qe1 Rdd8 24. Rf3 Qa6 25. Rh3 Qd6 26. Qh4 h6 27. Qf2 b4 28.
Rc1 Rc8 29. Qd2 bxc3 30. Rhxc3 Rxc3 31. Rxc3 Qa6 32. a3 Qb6 33. Rd3 Rc8 34. Kf1
Kh7 35. b4 Rc4 36. Ke2 Qd8 37. g3 Qf6 38. Kd1 Qd8 39. Ke2 Qd7 40. Kd1 Qa4+ 41.
Ke1 Rc2 42. Qd1 Qc6 43. Rd2 Rc4 44. Ke2 Bf8 45. Rd3 Bg7 46. Rd2 Bf8 47. Rd3 Be7
48. Ke1 Qb6 49. Rd2 Qc6 50. Qb3 Qb5 51. Qd1 a5 52. bxa5 Bd8 53. Kf2 Bxa5 54.
Rc2 Qb3 55. Rd2 Qxd1 56. Rxd1 Rc2+ 0-1

[Event "01.Chess Org-Pokal -Open-"]
[Site "Bad Zwischenahn(30.07.-08.08)"]
[Date "2004.??.??"]
[Round "8.8"]
[White "Makoui, Mazeyar"]
[Black "Afken, Jonas"]
[Result "0-1"]
[WhiteElo "1638"]
[BlackElo "1495"]
[PlyCount "78"]
[EventDate "2004.08.??"]
[SourceDate "2005.04.17"]

1. Nf3 d5 2. d4 Bf5 3. g3 c6 4. Bg2 Nf6 5. O-O e6 6. c4 Bd6 7. Qb3 Qc7 8. c5
Be7 9. Bf4 Qc8 10. Nc3 Ne4 11. Nd2 Nxd2 12. Bxd2 O-O 13. e4 dxe4 14. Nxe4 Nd7
15. Bf4 Bxe4 16. Bxe4 Nf6 17. Bg2 Rd8 18. Rfd1 Nd5 19. Bxd5 Rxd5 20. Qe3 Qd7
21. Qc3 Rd8 22. Qb3 Bxc5 23. dxc5 Rxd1+ 24. Rxd1 Qxd1+ 25. Qxd1 Rxd1+ 26. Kg2
f6 27. Be3 e5 28. a3 Kf7 29. Kf3 Rb1 30. b4 Rb3 31. Ke4 Rxa3 32. f4 Ra4 33.
fxe5 Rxb4+ 34. Bd4 fxe5 35. Kxe5 Rxd4 36. Kxd4 b5 37. Ke5 b4 38. Kd4 Kf6 39.
Kc4 a5 0-1

[Event "01.Chess Org-Pokal -Open-"]
[Site "Bad Zwischenahn(30.07.-08.08)"]
[Date "2004.??.??"]
[Round "8.9"]
[White "Lange, Detlef"]
[Black "Dopychai, Reent"]
[Result "1-0"]
[WhiteElo "1659"]
[BlackElo "1489"]
[PlyCount "43"]
[EventDate "2004.08.??"]
[SourceDate "2005.04.17"]

1. e4 e5 2. Nf3 Nc6 3. d4 exd4 4. Nxd4 Qh4 5. Be3 Qxe4 6. Nd2 Qe5 7. N2f3 Qa5+
8. c3 Nxd4 9. Bxd4 f6 10. Bc4 d5 11. Bd3 c5 12. Be3 c4 13. Bc2 Bd7 14. O-O
O-O-O 15. b4 Qa6 16. a4 Bg4 17. h3 Bxf3 18. Qxf3 b6 19. Bf4 g5 20. Bf5+ Kb7 21.
Bh2 Ne7 22. Qg3 1-0